| 000 | 01884cam a2200553 i 4500 | ||
|---|---|---|---|
| 999 |
_c11914 _d11914 |
||
| 001 | vtls000149913 | ||
| 003 | NUKAT | ||
| 005 | 20181205133005.0 | ||
| 008 | 030609s1980 gw g d |000 0 pol c | ||
| 020 | _a8320401917 | ||
| 035 | _azz2003948354 | ||
| 039 | 9 |
_a201810241357 _bvsggw _c201607271258 _dvpw _c201605100942 _dkopumk _c201507290111 _dVLOAD |
|
| 040 |
_aGD U/AJ _cGD U/AJ _dGD U/AJ _dGD U/JDs _dGL 001/FAN |
||
| 041 | 0 |
_apol _amul |
|
| 044 |
_agw _apl |
||
| 245 | 0 | 0 |
_aPoligrafia : _bsłownik techniczny angielsko-niemiecko-francusko-rosyjsko-hiszpańsko-polsko-węgiersko-słowacki / _cpod red. Wolfganga Müllera ; [aut. Wolfgang Müller et al.]. |
| 246 | 1 | 8 |
_aSłownik techniczny : _bpoligrafia |
| 260 |
_aBerlin : _bVEB Verlag Technik ; _aWarszawa : _bWydawnictwa Naukowo-Techniczne, _ccop. 1980. |
||
| 300 |
_a1020 s. ; _c25 cm. |
||
| 510 | 4 |
_aPB'1981, _c3459. |
|
| 650 |
_aDrukarstwo _vsłowniki wielojęzyczne. |
||
| 951 | _aKIEL_010 | ||
| 700 | 1 |
_aMüller, Wolfgang _d(1929- ). _eRed. |
|
| 710 | 2 |
_aWydawnictwa Naukowo-Techniczne. _4pbl _919 |
|
| 982 | _aBYDG_22 BYDG_24 | ||
| 942 |
_2ddc _cBK |
||
| 956 | _aKR_119 | ||
| 960 | _aGD_87 GD_U | ||
| 967 | _aLUBL_U | ||
| 980 | _aSZCZ_ZUT | ||